MARC

LEADER 00000nam0a2200000 4500
001 259888
005 20231101233428.0
020 |a RU  |b 88-27253 
035 |a (RuTPU)RU\TPU\book\282834 
090 |a 259888 
100 |a 20140513d1988 k a0rusy5003 ca 
101 0 |a rus 
102 |a UA 
105 |a a z 001zy 
200 1 |a Контактные задачи для слоистых элементов конструкций и тел с покрытиями  |f Б. Л. Пелех, А. В. Максимук, И. М. Коровайчук  |g Академия наук Украинской ССР (АН УССР), Институт прикладных проблем механики и математики 
210 |a Киев  |c Наукова думка  |d 1988 
215 |a 280 с.  |c ил. 
320 |a Библиогр.: с. 270-275 (139 назв.) 
606 1 |a Упругость, теория  |2 stltpush  |3 (RuTPU)RU\TPU\subj\63146  |9 80188 
610 1 |a контактные задачи 
610 1 |a покрытия 
610 1 |a матричный метод 
610 1 |a штампы 
610 1 |a метод Фурье 
610 1 |a математические модели 
610 1 |a одномерные задачи 
610 1 |a растяжение 
610 1 |a изгиб 
675 |a 539.3:51  |z rus 
700 1 |a Пелех  |b Б. Л.  |g Богдан Любомирович 
701 1 |a Максимук  |b А. В.  |g Александр Васильевич 
701 1 |a Коровайчук  |b И. М.  |g Игорь Миронович 
712 0 2 |a Академия наук Украинской ССР (АН УССР)  |b Институт прикладных проблем механики и математики  |2 stltpush  |3 (RuTPU)RU\TPU\col\11857 
801 0 |a RU  |b RuMRKP  |c 19950417  |g psbo 
801 1 |a RU  |b 63413507  |c 20140513 
801 2 |a RU  |b 63413507  |c 20141208  |g RCR 
942 |c BK